| 000 | 00505nam a22001937a 4500 | ||
|---|---|---|---|
| 003 | MPLRDC | ||
| 005 | 20220104113816.0 | ||
| 008 | 210129b ||||| |||| 00| 0 eng d | ||
| 020 | _a978-962-14-4052-5 | ||
| 082 | _a859.6 LSP v.3 | ||
| 100 | _aSTORY WORKSHOP 编 | ||
| 245 |
_a早开的花不结果 _c |
||
| 250 | _a一刷 | ||
| 260 |
_a香港 _b万里机构。万里书店 _c2009 |
||
| 300 | _b127 | ||
| 490 | _a60篇感人小故事: 海之篇 | ||
| 650 | _a儿童文学 | ||
| 942 |
_cBK _o859.6 LSP v.3 |
||
| 999 |
_c2521 _d2511 |
||